Thuế - Thủ tục hải quan trong hoạt động xuất nhập khẩu
Αποθηκεύτηκε σε:
| Κύριος συγγραφέας: | |
|---|---|
| Μορφή: | Βιβλίο |
| Γλώσσα: | Undetermined |
| Έκδοση: |
Hà Nội
Tài chính
2003
|
| Θέματα: | |
| Ετικέτες: |
Προσθήκη ετικέτας
Δεν υπάρχουν, Καταχωρήστε ετικέτα πρώτοι!
|
| Thư viện lưu trữ: | Trung tâm Học liệu Trường Đại học Cần Thơ |
|---|
| LEADER | 00626nam a2200193Ia 4500 | ||
|---|---|---|---|
| 001 | CTU_64878 | ||
| 008 | 210402s9999 xx 000 0 und d | ||
| 020 | |c 45000 | ||
| 082 | |a 343.59705 | ||
| 082 | |b C561 | ||
| 100 | |a Lê, Anh Cường | ||
| 245 | 0 | |a Thuế - Thủ tục hải quan trong hoạt động xuất nhập khẩu | |
| 245 | 0 | |c Lê Anh Cường, Nguyễn Thị Mai, Phạm Ánh Hồng | |
| 260 | |a Hà Nội | ||
| 260 | |b Tài chính | ||
| 260 | |c 2003 | ||
| 650 | |a Taxation law and legislation | ||
| 904 | |i Năm,Hải | ||
| 980 | |a Trung tâm Học liệu Trường Đại học Cần Thơ | ||